Regionalliga Nordost 23/24 - Statistiken

Allgemein
  • Dieses Quiz wurde 78 mal gespielt
  • Das Durchschnittsergebnis liegt bei 14 aus 18
Antwortstatistiken
Hint Antwort % Korrekt
4 FC Energie Cottbus
96%
13 1.FC Lokomotive Leipzig
91%
6 Rot Weiß Erfurt
91%
9 BSG Chemie Leipzig
90%
8 FC Carl Zeiss Jena
90%
12 Hertha BSC II
85%
14 Chemnitzer FC
84%
1 Greifswalder FC
84%
5 FC Viktoria 1899 Berlin
79%
17 FSV Zwickau
79%
2 BFC Dynamo
78%
16 FC Hansa Rostock II
72%
3 SV Babelsberg 03
66%
7 VSG Altglienicke
66%
15 FC Eilenburg
65%
10 FSV Luckenwalde
65%
11 ZFC Meuselwitz
65%
18 Berliner AK 07
54%
Keine übereinstimmenden Quizze gefunden
Verteilung der Resultate
Anzahl Personen mit jedem Resultat
Perzentil nach korrekt beantworteten Fragen
Ihre Resultats-Entwicklung
Sie haben dieses Quiz noch nicht gespielt